000 01154nam a2200361 i 4500
001 49640
003 KOSZ 005
005 20221006132904.0
008 100825s2006 pl |001 0 pol
020 _a8388451944
040 _cKOSZ 005
_aKOSZ 005
_dKOSZ 005/HR
041 0 _apol
046 _k2006
080 _a336.76
080 _a(083.1)
100 1 _aZiębiec, Jarosław
_eAutor
245 1 0 _aZasady obrotu giełdowego :
_bprzewodnik dla inwestorów /
_cJarosław Ziębiec.
250 _aWyd. 3 popr.
260 _aWarszawa :
_bGiełda Papierów Wartościowych,
_c2006.
300 _a39 s. :
_bil. ;
_c24 cm.
336 _2rdacontent
_aTekst
_btxt
337 _2rdamedia
_aBez urządzenia pośredniczącego
_bn
338 _2rdacarrier
_aWolumin
_bnc
380 _aKsiążki
388 _a2001-
650 7 _aGiełda papierów wartościowych
650 7 _aInwestycje
650 9 _aPapiery wartościowe
655 _aPoradnik
658 _aGospodarka, ekonomia, finanse
856 _uhttp://koha.tu.koszalin.pl/cgi-bin/koha/opac-detail.pl?biblionumber=49640
_yKatalog online BPK
942 _cKS
_2UKD
999 _c49640
_d49640